Statistics for Guess 50 States

Click here to take the quiz!

General Stats

  • This quiz has been taken 5 times
  • The average score is 26 of 50

Answers on the Map

Answers color-coded by a green-red scale on the quiz's map according to % correct below.
 

Answer Stats

Answer% Correct
Florida
100%
Alaska
75%
Idaho
75%
Kansas
75%
Maine
75%
Missouri
75%
Oregon
75%
South Carolina
75%
South Dakota
75%
Vermont
75%
Virginia
75%
Alabama
50%
Arizona
50%
Arkansas
50%
California
50%
Colorado
50%
Georgia
50%
Illinois
50%
Iowa
50%
Kentucky
50%
Louisiana
50%
Maryland
50%
Massachusetts
50%
Minnesota
50%
Mississippi
50%
Montana
50%
Nebraska
50%
Nevada
50%
New Hampshire
50%
New Jersey
50%
New York
50%
North Carolina
50%
North Dakota
50%
Ohio
50%
Oklahoma
50%
Pennsylvania
50%
Rhode Island
50%
Tennessee
50%
Texas
50%
Utah
50%
West Virginia
50%
Wisconsin
50%
Connecticut
25%
Delaware
25%
Hawaii
25%
Indiana
25%
Michigan
25%
New Mexico
25%
Washington
25%
Wyoming
25%

Score Distribution

Percentile by Number Answered

Percent of People with Each Score

Your Score History

You have not taken this quiz